Meeting the Climate Goals during Armed Conflict. Analysis of the Russia-Ukraine War

Táto práca analyzuje, ako vojenský konflikt ovplyvňuje úsilie svetových aktérov v oblasti klimatických zmien a uhlíkovej neutrality. Zameriava sa na ozbrojený konflikt medzi Ruskou federáciou a Ukrajinou, skúma najnovšie dostupné údaje a porovnáva emisie v daných obdobiach s cieľom poskytnúť a odhad...

ver descrição completa

Na minha lista:
Detalhes bibliográficos
Autor principal: Pernický, Jakub, 1998-
Formato: Capítulo de Livro
Idioma:inglês
Assuntos:
Tags: Adicionar Tag
Sem tags, seja o primeiro a adicionar uma tag!

MARC

LEADER 00000naa$a2200000$$$4500
001 0298156
005 20240502074521.5
041 0 |a eng 
044 |a SK 
245 1 0 |a Meeting the Climate Goals during Armed Conflict. Analysis of the Russia-Ukraine War  |c Jakub Pernický 
520 |a Táto práca analyzuje, ako vojenský konflikt ovplyvňuje úsilie svetových aktérov v oblasti klimatických zmien a uhlíkovej neutrality. Zameriava sa na ozbrojený konflikt medzi Ruskou federáciou a Ukrajinou, skúma najnovšie dostupné údaje a porovnáva emisie v daných obdobiach s cieľom poskytnúť a odhadnúť vplyv takýchto udalostí na klimatické snahy krajín priamo a nepriamo zapojených do konfliktu. Predpoklad, že krízy priamo vedú k zanedbaniu klimatických cieľov, a preto je testovaný nárast emisií skleníkových plynov. Práca tiež analyzuje celkový vplyv vojny na emisie skleníkových plynov a poskytuje prehľad o jej závažnosti. 
610 2 0 |a vojny 
610 2 0 |a stopa uhlíková 
610 2 0 |a ekológia 
610 2 0 |a emisie 
610 2 0 |a kríza 
610 2 0 |a Rusko 
610 2 0 |a Ukrajina 
100 1 |a Pernický, Jakub, 1998-